000 00306nam a22001337a 4500
008 181101b xxu||||| |||| 00| 0 eng d
020 _a9780397518517
041 _aeng
080 _23 TH
_a616
100 _a6
101 _aKIR
245 _aGeneral Surgery Board Rewiew
_cGold.M.S
942 _2udc
_cBK
999 _c51452
_d51452